000
00296nam a22001337a 4500
008
170601b xxu||||| |||| 00| 0 eng d
020
_a
9780064302180
041
_a
eng
080
_a
94(6)
100
_a
17
101
_a
SHH
245
_a
THE AFRICAN EXPERIENCE
_c
OLIVER.R
942
_2
udc
_c
BK
999
_c
15181
_d
15181